[Event "7th Parsvnath International Open Chess T"]
[Site "New Delhi India"]
[Date "2009.01.18"]
[Round "9"]
[White "Joydeep, Dutta"]
[Black "Das, Neelotpal"]
[Result "0-1"]
[WhiteElo "2300"]
[BlackElo "2490"]
[PlyCount "78"]
[EventDate "2009.01.11"]
[Source "MonRoi"]

1. Nf3 Nf6 2. c4 d6 3. b3 e5 4. d3 g6 5. Bb2 Bg7 6. e3 O-O 7. Be2 c5 8. O-O Nc6
9. Nbd2 Ne8 10. Rb1 f5 11. a3 a5 12. b4 axb4 13. axb4 Nxb4 14. d4 exd4 15. exd4
f4 16. Qb3 Nc6 17. Rbd1 Qc7 18. dxc5 dxc5 19. Ne4 Na5 20. Qb5 Bxb2 21. Qxb2 Bf5
22. Nc3 Nf6 23. Nb5 Qg7 24. Nd6 Bd7 25. Qb6 Ba4 26. Rd3 Bc2 27. Ra3 Qe7 28.
Rxa5 Rxa5 29. Qxa5 Qxd6 30. Rc1 b6 31. Qc3 Ba4 32. Qb2 Re8 33. Bf1 Nd7 34. Ra1
Bc6 35. Nd2 Bb7 36. Rb1 Re6 37. Nb3 Ne5 38. Qc2 Qe7 39. Qd2 Nf3+ 0-1

[Event "7th Parsvnath International Open Chess T"]
[Site "New Delhi India"]
[Date "2009.01.18"]
[Round "9"]
[White "G B, Prakash"]
[Black "R R, Laxman"]
[Result "1/2-1/2"]
[WhiteElo "2397"]
[BlackElo "2478"]
[PlyCount "133"]
[EventDate "2009.01.11"]
[Source "MonRoi"]

1. d4 Nf6 2. c4 e6 3. Nf3 b6 4. g3 Ba6 5. Qc2 Bb7 6. Bg2 c5 7. d5 exd5 8. cxd5
Nxd5 9. O-O Qc8 10. a3 Be7 11. e4 Nc7 12. Nc3 O-O 13. Be3 d6 14. Rad1 Nba6 15.
h4 h6 16. Rfe1 Rd8 17. Kh2 Bf8 18. h5 Qg4 19. Nh4 Qxh5 20. f4 g5 21. Bf3 g4 22.
Bg2 f5 23. Qb3+ Qf7 24. Qxf7+ Kxf7 25. Nxf5 b5 26. Bc1 b4 27. Nd5 Nxd5 28. exd5
bxa3 29. bxa3 Nc7 30. Kg1 Bc8 31. Be4 Re8 32. Bc2 Bb7 33. Ne3 h5 34. Kf2 h4 35.
gxh4 Nb5 36. h5 Nc3 37. Bg6+ Kg8 38. Nxg4 Nxd1+ 39. Rxd1 Bg7 40. h6 Bc3 41. f5
Re4 42. Kg3 Rf8 43. h7+ Kh8 44. Bh6 Bg7 45. Bg5 Bc8 46. Rf1 Ra4 47. Nh6 Be5+
48. Kg2 Bb7 49. Bf7 Rxa3 50. Be7 Rxf7 51. Nxf7+ Kxh7 52. Nxe5 dxe5 53. Rd1 Ra2+
54. Kg3 Ra3+ 55. Kg4 Ra4+ 56. Kg5 Rd4 57. Ra1 a6 58. d6 Kg7 59. Bf6+ Kf7 60.
Bxe5 Rd2 61. Re1 Rg2+ 62. Kh4 Bc8 63. Rf1 c4 64. Rf4 Rh2+ 65. Kg5 Rg2+ 66. Kh4
Rc2 67. Rf3 1/2-1/2

[Event "7th Parsvnath International Open Chess T"]
[Site "New Delhi India"]
[Date "2009.01.18"]
[Round "9"]
[White "P, Karthikeyan"]
[Black "Sunil Mokal, Prathamesh"]
[Result "1-0"]
[WhiteElo "2450"]
[BlackElo "2389"]
[PlyCount "109"]
[EventDate "2009.01.11"]
[Source "MonRoi"]

1. d4 Nf6 2. c4 e6 3. Nf3 b6 4. g3 Ba6 5. b3 Bb4+ 6. Bd2 Be7 7. Bg2 c6 8. O-O
d5 9. Qc2 Nbd7 10. a4 O-O 11. Rd1 c5 12. Na3 Bb7 13. Qb2 dxc4 14. Nxc4 cxd4 15.
Bf4 Nh5 16. Qxd4 Ndf6 17. Qb2 Bd5 18. Be5 Qc8 19. Ne3 Bc5 20. Nxd5 Nxd5 21. e4
Nb4 22. Ne1 f5 23. exf5 Rxf5 24. Bd4 Nf6 25. Bxc5 bxc5 26. Bxa8 Qxa8 27. Qe2
Qc6 28. Rd8+ Kf7 29. Rad1 Nbd5 30. Qb5 Qxb5 31. axb5 Nc3 32. Ra1 Nxb5 33. Rb8
Nd4 34. Rxa7+ Kg6 35. Rbb7 Ne8 36. Re7 Nf6 37. Rxg7+ Kh6 38. Rgb7 e5 39. h4 Kh5
40. Nd3 Nf3+ 41. Kg2 e4 42. Nf4+ Rxf4 43. gxf4 Kg4 44. Rg7+ Kxf4 45. Kh3 Ne5
46. Rxh7 Nxh7 47. Rxh7 Kf3 48. Rh5 Nd3 49. Rf5+ Nf4+ 50. Rxf4+ Kxf4 51. h5 Kf3
52. h6 Kxf2 53. h7 e3 54. h8=Q e2 55. Qh4+ 1-0

[Event "7th Parsvnath International Open Chess T"]
[Site "New Delhi India"]
[Date "2009.01.18"]
[Round "9"]
[White "M  S, Thejkumar"]
[Black "Prasanna, Vishnu"]
[Result "1-0"]
[WhiteElo "2424"]
[BlackElo "2266"]
[PlyCount "55"]
[EventDate "2009.01.11"]
[Source "MonRoi"]

1. d4 Nf6 2. Nf3 g6 3. Bg5 Bg7 4. c3 O-O 5. Nbd2 d5 6. e3 b6 7. a4 a5 8. Bd3
Bb7 9. Ne5 Nbd7 10. Nxd7 Nxd7 11. O-O c5 12. Qe2 Re8 13. f4 Qc8 14. Qf3 e6 15.
g4 f6 16. Bh4 e5 17. fxe5 fxe5 18. Bb5 Rf8 19. Qe2 Nf6 20. dxe5 Nxg4 21. Rxf8+
Kxf8 22. Nf3 Nxe5 23. Rf1 Kg8 24. Nxe5 Bxe5 25. e4 Qc7 26. exd5 Bxd5 27. Rd1
Be6 28. Re1 1-0

[Event "7th Parsvnath International Open Chess T"]
[Site "New Delhi India"]
[Date "2009.01.18"]
[Round "9"]
[White "Yuriy, Kuzubov"]
[Black "Kutwal, Shashikant"]
[Result "1-0"]
[WhiteElo "2626"]
[BlackElo "2285"]
[PlyCount "85"]
[EventDate "2009.01.11"]
[Source "MonRoi"]

1. d4 Nf6 2. c4 g6 3. Nc3 Bg7 4. e4 d6 5. Nf3 O-O 6. h3 e5 7. d5 a5 8. Bg5 Qe8
9. Be2 Na6 10. O-O Nh5 11. Re1 Nf4 12. Bf1 h6 13. Bxf4 exf4 14. Qd2 Be5 15. Nb5
b6 16. Rab1 Bd7 17. b3 Qe7 18. a3 g5 19. Nxe5 Qxe5 20. Nd4 Rfe8 21. b4 Qf6 22.
Qd3 Kg7 23. Be2 axb4 24. axb4 Nb8 25. Bh5 Ra4 26. Qd2 Ra3 27. Bf3 c5 28. dxc6
Nxc6 29. Nxc6 Bxc6 30. Rbd1 Ba4 31. Rc1 Bc6 32. c5 bxc5 33. bxc5 dxc5 34. Rxc5
Ba8 35. Rf5 Qc3 36. Qd1 Bxe4 37. Bxe4 Rxe4 38. Rxf7+ Kxf7 39. Qd7+ Kg6 40. Rxe4
Ra6 41. Re8 h5 42. Rg8+ Kh6 43. Qe8 1-0

[Event "7th Parsvnath International Open Chess T"]
[Site "New Delhi India"]
[Date "2009.01.18"]
[Round "9"]
[White "Niaz, Murshed"]
[Black "Alexander, Areshchenko"]
[Result "1/2-1/2"]
[WhiteElo "2429"]
[BlackElo "2673"]
[PlyCount "67"]
[EventDate "2009.01.11"]
[Source "MonRoi"]

1. Nf3 Nf6 2. c4 g6 3. Nc3 d5 4. cxd5 Nxd5 5. Qa4+ Bd7 6. Qh4 Nxc3 7. bxc3 e6
8. Qxd8+ Kxd8 9. Rb1 b6 10. d4 Bg7 11. e4 Bc6 12. Bd3 Nd7 13. O-O h6 14. Bc2
Bb7 15. Rd1 Rc8 16. c4 c5 17. d5 Re8 18. h4 exd5 19. cxd5 c4 20. Be3 Nc5 21.
Bd4 Bxd4 22. Rxd4 Nd7 23. Ba4 Rc5 24. Nd2 Ba6 25. f4 b5 26. Bc2 f6 27. Nf3 Bb7
28. Rdd1 Kc7 29. Nd4 Kb6 30. a4 a6 31. axb5 axb5 32. Ba4 Ba6 33. Ne6 Rcc8 34.
Nd4 1/2-1/2

[Event "7th Parsvnath International Open Chess T"]
[Site "New Delhi India"]
[Date "2009.01.18"]
[Round "9"]
[White "Nurlan, Ibrayev"]
[Black "Parimarjan, Negi"]
[Result "1/2-1/2"]
[WhiteElo "2407"]
[BlackElo "2600"]
[PlyCount "79"]
[EventDate "2009.01.11"]
[Source "MonRoi"]

1. d4 Nf6 2. c4 g6 3. Nf3 Bg7 4. g3 d5 5. Bg2 O-O 6. O-O dxc4 7. Na3 c3 8. bxc3
c5 9. e3 Nc6 10. Bb2 Bf5 11. Nd2 Qb6 12. Nb3 Rfd8 13. Qe2 cxd4 14. cxd4 e5 15.
d5 Nb4 16. Nc4 Qa6 17. e4 Rac8 18. exf5 Qxc4 19. Qxc4 Rxc4 20. Na5 Rc2 21. Bxe5
Nd3 22. Bd4 Nxd5 23. Bxg7 Kxg7 24. fxg6 hxg6 25. Nxb7 Rd7 26. a4 Nc3 27. Na5
Ne2+ 28. Kh1 Nd4 29. Kg1 g5 30. Be4 Rc5 31. Rad1 Ne2+ 32. Kg2 Ndf4+ 33. gxf4
Nxf4+ 34. Kf3 Rxd1 35. Rxd1 Rxa5 36. h4 Ne6 37. Rd5 Rxd5 38. Bxd5 gxh4 39. Kg4
Nc5 40. a5 1/2-1/2

[Event "7th Parsvnath International Open Chess T"]
[Site "New Delhi India"]
[Date "2009.01.18"]
[Round "9"]
[White "Kore, Akshayraj"]
[Black "Evgeny, Gleizerov"]
[Result "0-1"]
[WhiteElo "2403"]
[BlackElo "2544"]
[PlyCount "48"]
[EventDate "2009.01.11"]
[Source "MonRoi"]

1. e4 e6 2. d4 d5 3. Nd2 Nf6 4. Bd3 c5 5. dxc5 Bxc5 6. exd5 exd5 7. Ngf3 O-O 8.
O-O Nc6 9. c3 Re8 10. Nb3 Bb6 11. Bg5 h6 12. Bxf6 Qxf6 13. h3 Bd7 14. a4 a6 15.
Bc2 Ne5 16. Nxe5 Rxe5 17. Nd4 Rae8 18. Qd3 g6 19. a5 Ba7 20. Ba4 Bxa4 21. Rxa4
Re4 22. Qd1 Qd6 23. Qd2 Bb8 24. g3 Qd7 0-1

[Event "7th Parsvnath International Open Chess T"]
[Site "New Delhi India"]
[Date "2009.01.18"]
[Round "9"]
[White "Dinesh K, Sharma"]
[Black "Anuar, Ismagambetov"]
[Result "0-1"]
[WhiteElo "2394"]
[BlackElo "2523"]
[PlyCount "188"]
[EventDate "2009.01.11"]
[Source "MonRoi"]

1. e4 Nc6 2. Nf3 d6 3. d4 Nf6 4. Nc3 g6 5. h3 Bg7 6. Be2 O-O 7. Bf4 a6 8. a4
Re8 9. e5 Nd7 10. exd6 cxd6 11. O-O b6 12. Be3 Bb7 13. Re1 Rc8 14. Qd2 Na5 15.
d5 Nc4 16. Bxc4 Rxc4 17. Bd4 Qa8 18. b3 Rcc8 19. Bxg7 Kxg7 20. Re3 Nf6 21. Rae1
Nxd5 22. Nxd5 Bxd5 23. Rxe7 Rxe7 24. Rxe7 Bxf3 25. Qd4+ Kg8 26. gxf3 Qxf3 27.
Re3 Qc6 28. c4 b5 29. axb5 axb5 30. Qf6 bxc4 31. Re7 Qd5 32. bxc4 Qxc4 33. Qxd6
Qh4 34. Re3 Qg5+ 35. Kh2 Qf5 36. Kg2 h5 37. Qe5 Qd7 38. Qe7 Qd5+ 39. Qe4 Qg5+
40. Rg3 Qf6 41. Rf3 Qd6 42. Rd3 Qc7 43. Qd5 Re8 44. Qd7 Qxd7 45. Rxd7 Kg7 46.
Ra7 Rb8 47. Rc7 Rb4 48. Ra7 g5 49. Ra6 f6 50. Rc6 Kg6 51. Rc5 Rf4 52. Ra5 Rf5
53. Ra4 Rb5 54. Rc4 Kf5 55. Kf3 Rb3+ 56. Kg2 Rd3 57. Ra4 Ke5 58. Rb4 f5 59. Ra4
f4 60. f3 Rd2+ 61. Kg1 h4 62. Rb4 Rc2 63. Ra4 Kd5 64. Kf1 Rh2 65. Ra5+ Kd4 66.
Rxg5 Rxh3 67. Ra5 Rxf3+ 68. Kg2 Rc3 69. Ra8 h3+ 70. Kf2 h2 71. Rd8+ Ke5 72.
Re8+ Kf6 73. Kg2 Rh3 74. Kh1 Kf5 75. Re7 Rh5 76. Ra7 Rh3 77. Rb7 Kg4 78. Rg7+
Kf3 79. Ra7 Rh5 80. Ra3+ Kg4 81. Rb3 Re5 82. Kxh2 Re3 83. Rb1 Re2+ 84. Kg1 Kg3
85. Kf1 Rh2 86. Rb8 Rh1+ 87. Ke2 f3+ 88. Kd2 f2 89. Rg8+ Kf3 90. Rf8+ Kg2 91.
Rg8+ Kf1 92. Ra8 Rh5 93. Ke3 Rh3+ 94. Kf4 Kg1 0-1

[Event "7th Parsvnath International Open Chess T"]
[Site "New Delhi India"]
[Date "2009.01.18"]
[Round "9"]
[White "Bandyopadhyay, Roktim"]
[Black "Saidali, Iuldachev"]
[Result "0-1"]
[WhiteElo "2372"]
[BlackElo "2520"]
[PlyCount "97"]
[EventDate "2009.01.11"]
[Source "MonRoi"]

1. e4 e5 2. Nf3 Nc6 3. Bb5 a6 4. Ba4 Nf6 5. O-O Be7 6. Re1 b5 7. Bb3 d6 8. c3
O-O 9. h3 Na5 10. Bc2 c5 11. d4 Qc7 12. Nbd2 Be6 13. d5 Bd7 14. Nf1 Nc4 15. b3
Nb6 16. N3h2 c4 17. b4 Ra7 18. g4 Rfa8 19. Ng3 a5 20. a3 h6 21. Nf5 Bxf5 22.
gxf5 Nh7 23. Nf3 axb4 24. cxb4 Bf6 25. Kh2 Kf8 26. Rb1 Ke7 27. Rg1 Ra6 28. Rg3
Qa7 29. Kg2 Rc8 30. Qe2 Rg8 31. Ra1 Qa8 32. Rb1 Kf8 33. Be3 Bd8 34. Bc1 Nf6 35.
Nh2 Na4 36. Bxa4 Rxa4 37. Ng4 Nh5 38. Rc3 Nf4+ 39. Bxf4 exf4 40. Qf3 h5 41. Nh2
Bf6 42. Rc2 Rxa3 43. Qxh5 Qa4 44. Re2 Rb3 45. Rbe1 Qxb4 46. Nf3 Qc3 47. e5 g6
48. Qh6+ Bg7 49. Qxf4 0-1

[Event "7th Parsvnath International Open Chess T"]
[Site "New Delhi India"]
[Date "2009.01.18"]
[Round "9"]
[White "Praveen M, Thipsay"]
[Black "Sundar M, Shyam"]
[Result "1-0"]
[WhiteElo "2453"]
[BlackElo "2426"]
[PlyCount "43"]
[EventDate "2009.01.11"]
[Source "MonRoi"]

1. e4 e6 2. d3 d5 3. Nd2 c5 4. g3 g6 5. Ngf3 Bg7 6. Bg2 Nf6 7. O-O O-O 8. c3
Nc6 9. e5 Nd7 10. d4 a5 11. a4 b6 12. Re1 Ba6 13. Nb3 cxd4 14. cxd4 Nb4 15. Bg5
Qb8 16. Re3 Rc8 17. Rc3 Qb7 18. Qd2 Rc6 19. Bh6 Rac8 20. Bxg7 Kxg7 21. Ra3 Nc2
22. Qxc2 1-0

[Event "7th Parsvnath International Open Chess T"]
[Site "New Delhi India"]
[Date "2009.01.18"]
[Round "9"]
[White "Deep, Sengupta"]
[Black "Saha, Suvrajit"]
[Result "0-1"]
[WhiteElo "2445"]
[BlackElo "2368"]
[PlyCount "88"]
[EventDate "2009.01.11"]
[Source "MonRoi"]

1. e4 e5 2. Nf3 Nf6 3. Nc3 Nc6 4. g3 Bc5 5. Bg2 d6 6. h3 O-O 7. d3 a6 8. O-O h6
9. Kh2 Be6 10. Be3 Bxe3 11. fxe3 d5 12. exd5 Nxd5 13. Nxd5 Bxd5 14. e4 Be6 15.
Qd2 Qd7 16. Rf2 f6 17. Nh4 Ne7 18. Raf1 Rad8 19. a3 c5 20. Rd1 c4 21. dxc4 Qc7
22. Qe1 Rxd1 23. Qxd1 Rd8 24. Rd2 Rxd2 25. Qxd2 Bxc4 26. Qc3 Qc6 27. Qb4 Kf7
28. Nf3 Be6 29. Ne1 b6 30. Qd2 Qd7 31. Nd3 a5 32. c3 Nc8 33. b4 Nd6 34. bxa5
Nc4 35. Qe2 bxa5 36. Nc5 Qd2 37. Bf1 Ne3 38. Kg1 Nxf1 39. Kxf1 Bxh3+ 40. Kf2
Qxc3 41. Nd3 Qd4+ 42. Ke1 Kg6 43. Kd2 Be6 44. Kc2 Qc4+ 0-1

[Event "7th Parsvnath International Open Chess T"]
[Site "New Delhi India"]
[Date "2009.01.18"]
[Round "9"]
[White "Chowdhury Saptarshi, Roy"]
[Black "Sokhib, Djuraev"]
[Result "1-0"]
[WhiteElo "2444"]
[BlackElo "2353"]
[PlyCount "69"]
[EventDate "2009.01.11"]
[Source "MonRoi"]

1. e4 e5 2. Bc4 Nf6 3. d3 Nc6 4. Nc3 Na5 5. Bb3 Nxb3 6. axb3 d5 7. exd5 Bb4 8.
Bg5 Qxd5 9. Qf3 Bg4 10. Qxd5 Nxd5 11. Bd2 Nf4 12. f3 Bd7 13. Bxf4 exf4 14. Nge2
g5 15. h4 f6 16. Kf2 Kf7 17. hxg5 fxg5 18. Rh6 Bf8 19. Rh5 h6 20. Ne4 Bg7 21.
c3 a5 22. g3 fxg3+ 23. N2xg3 b6 24. Ke3 Kg6 25. Rhh1 Be6 26. Nh5 Bxb3 27. Rag1
Be6 28. f4 g4 29. Nf2 Rae8 30. Kd2 Bf8 31. Nxg4 Bxg4 32. Rxg4+ Kf5 33. Rhg1 Rh7
34. Rg6 Rf7 35. R1g4 1-0

[Event "7th Parsvnath International Open Chess T"]
[Site "New Delhi India"]
[Date "2009.01.18"]
[Round "9"]
[White "Mukherjee, Arindam"]
[Black "Jha, Sriram"]
[Result "1/2-1/2"]
[WhiteElo "2259"]
[BlackElo "2442"]
[PlyCount "52"]
[EventDate "2009.01.11"]
[Source "MonRoi"]

1. d4 Nf6 2. Nf3 c5 3. c4 cxd4 4. Nxd4 e5 5. Nc2 Nc6 6. Nc3 Bc5 7. e3 O-O 8.
Be2 d6 9. O-O Be6 10. b3 d5 11. cxd5 Nxd5 12. Nxd5 Bxd5 13. Ba3 Bxa3 14. Nxa3
Nb4 15. Bc4 Bxc4 16. Nxc4 e4 17. Nd6 Qe7 18. Nf5 Qg5 19. Nd4 Nd3 20. Qe2 Rad8
21. f3 Qg6 22. Rad1 f5 23. f4 Qf6 24. Kh1 Qh4 25. Ne6 Nf2+ 26. Rxf2 Rxd1+
1/2-1/2

[Event "7th Parsvnath International Open Chess T"]
[Site "New Delhi India"]
[Date "2009.01.18"]
[Round "9"]
[White "K, Rathnakaran"]
[Black "Prantik, Roy"]
[Result "1-0"]
[WhiteElo "2431"]
[BlackElo "2071"]
[PlyCount "119"]
[EventDate "2009.01.11"]
[Source "MonRoi"]

1. e4 c6 2. d3 d5 3. Nd2 e5 4. Ngf3 Bd6 5. g3 Nf6 6. Bg2 O-O 7. O-O Nbd7 8. b3
Re8 9. Bb2 d4 10. Nh4 Qc7 11. Nc4 Bf8 12. f4 c5 13. a4 exf4 14. gxf4 Nb6 15. h3
Nxc4 16. bxc4 g6 17. Bc1 Bg7 18. Qf3 Qe7 19. Qf2 Nd7 20. Bd2 Nf8 21. Rae1 Bd7
22. f5 Be5 23. Nf3 f6 24. Nxe5 fxe5 25. h4 Bxa4 26. Bh6 a5 27. h5 Ra6 28. Qg3
Bd7 29. Rf2 Kh8 30. Bg5 Qg7 31. h6 Qf7 32. fxg6 Qxg6 33. Ref1 Ne6 34. Rf6 Nf4
35. Rxg6 Ne2+ 36. Kf2 Nxg3 37. Rxa6 Nxf1 38. Rd6 Rf8+ 39. Rf6 Rg8 40. Rf5 Re8
41. Rf7 Ne3 42. Rxd7 Nxg2 43. Bf6+ Kg8 44. Kxg2 Re6 45. Bg7 a4 46. Rxb7 Ra6 47.
Rb2 Kf7 48. Kf3 Ke6 49. Ke2 Kd6 50. Kd2 Ke6 51. Ra2 Ra8 52. Kc1 a3 53. Ra1 Kd6
54. Kb1 Rb8+ 55. Ka2 Rb2+ 56. Kxa3 Rxc2 57. Rb1 Rd2 58. Rb3 Rc2 59. Rb6+ Kc7
60. Rb2 1-0

[Event "7th Parsvnath International Open Chess T"]
[Site "New Delhi India"]
[Date "2009.01.18"]
[Round "9"]
[White "Arjun, Tiwari"]
[Black "Yuri, Solodovnichenko"]
[Result "0-1"]
[WhiteElo "2256"]
[BlackElo "2571"]
[PlyCount "166"]
[EventDate "2009.01.11"]
[Source "MonRoi"]

1. e4 c5 2. Nc3 a6 3. f4 b5 4. Nf3 Bb7 5. d3 e6 6. g3 d5 7. Qe2 Nf6 8. exd5
Nxd5 9. Nxd5 Qxd5 10. Bg2 Be7 11. O-O O-O 12. f5 Nc6 13. c3 exf5 14. Ng5 Qd7
15. Bh3 Bxg5 16. Bxg5 Rfe8 17. Qh5 Re5 18. Rf4 f6 19. Bxf6 gxf6 20. Bxf5 Qe7
21. Raf1 Rf8 22. Qh6 Rf7 23. Be4 Nd8 24. Bxb7 Nxb7 25. Rxf6 Rxf6 26. Qxf6 Nd6
27. Qf3 Rf5 28. Qa8+ Qf8 29. Qxf8+ Kxf8 30. Re1 Kf7 31. a4 b4 32. cxb4 cxb4 33.
Rc1 Rd5 34. Rc7+ Kg6 35. a5 Rxa5 36. Rc6 Rd5 37. Rxa6 Rxd3 38. Kf2 Kf5 39. Ke2
Rd5 40. Rb6 Rd4 41. Ke3 Ke5 42. b3 h5 43. Rb8 h4 44. gxh4 Rxh4 45. Kd3 Rh3+ 46.
Kc2 Rxh2+ 47. Kb1 Kd4 48. Rxb4+ Kc3 49. Rb6 Ne4 50. Rc6+ Kxb3 51. Rb6+ Kc3 52.
Rc6+ Kd3 53. Kc1 Rh5 54. Kb2 Rb5+ 55. Ka3 Nc5 56. Rh6 Rb3+ 57. Ka2 Rb8 58. Rh3+
Kc4 59. Rh4+ Kc3 60. Rh7 Rb4 61. Rh8 Ra4+ 62. Kb1 Rc4 63. Rh2 Rb4+ 64. Ka2 Rb8
65. Rh7 Nd3 66. Rc7+ Kb4 67. Rd7 Ne5 68. Rh7 Nc4 69. Kb1 Kc3+ 70. Kc1 Re8 71.
Rh3+ Ne3 72. Rh7 Rd8 73. Rc7+ Nc4 74. Rh7 Rd3 75. Kb1 Na5 76. Rc7+ Kb3 77. Kc1
Nc4 78. Rb7+ Kc3 79. Rh7 Re3 80. Kb1 Re1+ 81. Ka2 Re2+ 82. Ka1 Re6 83. Rh3+ Kc2
0-1

[Event "7th Parsvnath International Open Chess T"]
[Site "New Delhi India"]
[Date "2009.01.18"]
[Round "9"]
[White "Shukhrat, Safin"]
[Black "Neeraj-Kumar, Mishra"]
[Result "1-0"]
[WhiteElo "2518"]
[BlackElo "2338"]
[PlyCount "85"]
[EventDate "2009.01.11"]
[Source "MonRoi"]

1. d4 Nf6 2. c4 e6 3. Nf3 b6 4. g3 Ba6 5. Nbd2 c5 6. Bg2 Bb7 7. e4 cxd4 8. O-O
Qc8 9. e5 Ne4 10. Nb3 Na6 11. Nbxd4 Qxc4 12. Be3 Bd5 13. Qb1 Nac5 14. Rc1 Qd3
15. Rc2 Qa6 16. b4 Na4 17. Qe1 Be7 18. Rac1 Nac3 19. Rxc3 Nxc3 20. Qxc3 O-O 21.
b5 Qb7 22. Qc7 Rfc8 23. Qxb7 Bxb7 24. Rd1 Bd5 25. a4 f6 26. Nf5 Bf8 27. Rxd5
exd5 28. exf6 g6 29. Nh6+ Bxh6 30. Bxh6 Kf7 31. Nd4 Kxf6 32. Bxd5 Ke5 33. Bxa8
Rxa8 34. Bg7+ Kd5 35. g4 Rc8 36. f4 Ke4 37. f5 gxf5 38. gxf5 Rg8 39. f6 Kxd4
40. Kf2 d6 41. f7+ Rxg7 42. f8=Q Rg6 43. Qh8+ 1-0

[Event "7th Parsvnath International Open Chess T"]
[Site "Modern School, Barakhamba Road"]
[Date "2009.01.18"]
[Round "9.21"]
[White "Babu, N Sudhakar"]
[Black "Bhat, Vinay S"]
[Result "1/2-1/2"]
[WhiteElo "2333"]
[BlackElo "2495"]
[PlyCount "22"]
[EventDate "2009.01.11"]

1. d4 d5 2. Nf3 Nf6 3. c3 Bf5 4. Bf4 e6 5. e3 Bd6 6. Bg3 h6 7. Nbd2 O-O 8. Be2
c5 9. Ne5 Nc6 10. f4 Qb6 11. Qb3 c4 1/2-1/2

[Event "7th Parsvnath International Open Chess T"]
[Site "Modern School, Barakhamba Road"]
[Date "2009.01.18"]
[Round "9.22"]
[White "Arkhangels, Y Boris"]
[Black "Panchanathan, Magesh Chandran"]
[Result "1-0"]
[WhiteElo "2315"]
[BlackElo "2490"]
[PlyCount "125"]
[EventDate "2009.01.11"]

1. d4 Nf6 2. Nf3 e6 3. c4 b6 4. a3 Ba6 5. Qb3 d5 6. cxd5 exd5 7. Nc3 Be7 8. g3
O-O 9. Bg2 c5 10. O-O Nc6 11. Qa4 Bb7 12. Bf4 Ne4 13. dxc5 Nxc5 14. Qc2 d4 15.
Rad1 Rc8 16. Be3 Bf6 17. Qb1 Ne6 18. Bh3 Rc7 19. Ne4 Rd7 20. Bxe6 fxe6 21. Neg5
Bxg5 22. Nxg5 Rf5 23. Nxe6 Qf6 24. Nxd4 Rfd5 25. Nb5 Ne5 26. Rxd5 Rxd5 27. Nc3
Rd7 28. f3 Nc4 29. Qa2 Qe6 30. Bf4 b5 31. Qb3 a6 32. a4 bxa4 33. Nxa4 Qxe2 34.
Nc5 Bxf3 35. Qxf3 Qxf3 36. Rxf3 Rd1+ 37. Rf1 Rd5 38. Nxa6 Nxb2 39. Nc7 Rd7 40.
Ne6 Nd3 41. Be3 h6 42. Nc5 Re7 43. Nxd3 Rxe3 44. Nf4 Kh7 45. Ra1 Re7 46. Kg2
Rb7 47. Ra2 Rc7 48. h4 Rd7 49. h5 Rb7 50. Kf3 Rb3+ 51. Kg4 Rb5 52. Ra7 Rg5+ 53.
Kf3 Re5 54. Rd7 Kg8 55. Rd5 Re8 56. Kg4 Kh7 57. Rd7 Re5 58. Nd5 Rg5+ 59. Kh4
Rf5 60. Nf4 Re5 61. Rf7 Kg8 62. Rf8+ Kh7 63. Rh8+ 1-0

[Event "7th Parsvnath International Open Chess T"]
[Site "Modern School, Barakhamba Road"]
[Date "2009.01.18"]
[Round "9.23"]
[White "Lalith, Babu M R"]
[Black "Akshat, Khamparia"]
[Result "1-0"]
[WhiteElo "2477"]
[BlackElo "2306"]
[PlyCount "79"]
[EventDate "2009.01.11"]

1. Nf3 Nf6 2. c4 e6 3. Nc3 Bb4 4. Qc2 c5 5. a3 Ba5 6. g3 O-O 7. Bg2 Nc6 8. O-O
d6 9. d3 h6 10. e3 e5 11. Nd2 Be6 12. Nd5 Nh7 13. Rb1 Qd7 14. Ne4 Bd8 15. Qa4
Rb8 16. b4 cxb4 17. Nxb4 Nxb4 18. Qxd7 Bxd7 19. axb4 Be7 20. b5 Rfd8 21. Nc3
Nf6 22. Ra1 d5 23. Nxd5 Nxd5 24. Bxd5 Bxb5 25. e4 Bc6 26. Rxa7 Bc5 27. Ra5 Bb6
28. Ra2 Ra8 29. Rxa8 Rxa8 30. Be3 Bd4 31. Bxd4 exd4 32. Kg2 Ra3 33. Rd1 Ba4 34.
Rd2 b5 35. Rb2 bxc4 36. Bxc4 Kh7 37. Kf3 f6 38. Kf4 Bd7 39. e5 Kg6 40. e6 1-0

[Event "7th Parsvnath International Open Chess T"]
[Site "Modern School, Barakhamba Road"]
[Date "2009.01.18"]
[Round "9.24"]
[White "Premnath, R."]
[Black "Venkatesh, M R."]
[Result "1-0"]
[WhiteElo "2303"]
[BlackElo "2470"]
[PlyCount "53"]
[EventDate "2009.01.11"]

1. d4 Nf6 2. Nf3 e6 3. Bg5 h6 4. Bh4 c5 5. e3 Qb6 6. Nbd2 Qxb2 7. Rb1 Qxa2 8.
Bc4 Qa5 9. O-O Nc6 10. Bxf6 gxf6 11. d5 Nb4 12. Ne4 f5 13. Nf6+ Ke7 14. d6+
Kxf6 15. Rxb4 Rg8 16. Rb5 Qa6 17. e4 fxe4 18. Nd2 Bxd6 19. Nxe4+ Ke7 20. Qh5
Qc6 21. Qh4+ Kf8 22. Qxh6+ Rg7 23. Re1 Be7 24. Rb3 e5 25. Qh8+ Rg8 26. Qxe5 Qh6
27. Rf3 1-0

[Event "7th Parsvnath International Open Chess T"]
[Site "Modern School, Barakhamba Road"]
[Date "2009.01.18"]
[Round "9.25"]
[White "Konguvel, Ponnuswamy"]
[Black "Singh, D P."]
[Result "0-1"]
[WhiteElo "2462"]
[BlackElo "2312"]
[PlyCount "96"]
[EventDate "2009.01.11"]

1. e4 e5 2. Nf3 Nc6 3. Bb5 a6 4. Ba4 Nf6 5. O-O Be7 6. Re1 b5 7. Bb3 d6 8. c3
O-O 9. h3 Na5 10. Bc2 c5 11. d4 exd4 12. cxd4 Nd7 13. Nc3 Bb7 14. Bf4 Rc8 15.
Nd5 Bxd5 16. exd5 c4 17. Qd2 Nf6 18. Bf5 c3 19. bxc3 Rc7 20. Be4 Nc4 21. Qd3
Nb6 22. Bd2 Qa8 23. Ng5 Nxe4 24. Nxe4 Qxd5 25. Re2 f5 26. Ng5 Bxg5 27. Bxg5 f4
28. Be7 f3 29. Bxf8 fxe2 30. Re1 Kxf8 31. Qxh7 Re7 32. Qh8+ Kf7 33. Qh4 Nd7 34.
Qf4+ Nf6 35. Qd2 Qe4 36. a4 Nd5 37. axb5 axb5 38. Qa2 Re6 39. Rxe2 Nxc3 40.
Rxe4 Nxa2 41. Rf4+ Ke8 42. Rg4 Re7 43. Rg3 Nc1 44. Kf1 b4 45. Rg5 Rb7 46. Ra5
b3 47. Ra1 b2 48. Rb1 Na2 0-1

[Event "7th Parsvnath International Open Chess T"]
[Site "Modern School, Barakhamba Road"]
[Date "2009.01.18"]
[Round "9.26"]
[White "Lahiri, Atanu"]
[Black "Sarkar, Justin"]
[Result "0-1"]
[WhiteElo "2310"]
[BlackElo "2455"]
[PlyCount "56"]
[EventDate "2009.01.11"]

1. d4 Nf6 2. c4 g6 3. Nc3 d5 4. Bf4 Bg7 5. Rc1 O-O 6. e3 dxc4 7. Bxc4 c5 8. d5
Qa5 9. Nge2 a6 10. a4 Ne4 11. O-O Nd6 12. Ba2 b5 13. e4 Nd7 14. Qc2 c4 15. Bd2
b4 16. Nd1 Nc5 17. Bxc4 Ncxe4 18. Be3 Bb7 19. Qd3 Nxc4 20. Rxc4 Nd6 21. Rc5
Qxa4 22. Bd4 Rfc8 23. Ne3 Rxc5 24. Bxc5 a5 25. b3 Qd7 26. Rd1 Ba6 27. Nc4 Nxc4
28. bxc4 Rc8 0-1

[Event "7th Parsvnath International Open Chess T"]
[Site "Modern School, Barakhamba Road"]
[Date "2009.01.18"]
[Round "9.27"]
[White "Vidit, Santosh Gujrathi"]
[Black "Navin, Kanna T U"]
[Result "1-0"]
[WhiteElo "2447"]
[BlackElo "2302"]
[PlyCount "115"]
[EventDate "2009.01.11"]

1. d4 d5 2. Nf3 Nf6 3. c4 c6 4. e3 e6 5. Nc3 Nbd7 6. Qc2 Bd6 7. e4 dxe4 8. Nxe4
Nxe4 9. Qxe4 c5 10. Bg5 Be7 11. Bxe7 Qa5+ 12. Ke2 Kxe7 13. g3 cxd4 14. Bg2 d3+
15. Qxd3 Ne5 16. Qe4 Nxf3 17. Bxf3 Bd7 18. Rhd1 Bc6 19. Qf4 Rhd8 20. Bxc6 bxc6
21. Kf1 Kf8 22. Kg2 g6 23. Qf6 Kg8 24. b4 Qc7 25. h4 Rd7 26. h5 Qd8 27. Qf3 Rc8
28. Rxd7 Qxd7 29. Rd1 Qe7 30. c5 a5 31. a3 axb4 32. axb4 Qg5 33. Rd7 Qf5 34. h6
Kf8 35. Qc3 e5 36. Qd2 Ke8 37. Rd6 Rd8 38. Qe2 Rb8 39. Rxc6 Rxb4 40. Rb6 Qe4+
41. Qxe4 Rxe4 42. Rb8+ Ke7 43. Rh8 Kf6 44. Rxh7 Kg5 45. Rxf7 Kxh6 46. Re7 Re1
47. f3 Re2+ 48. Kf1 Rc2 49. Rxe5 Kg7 50. Rg5 Kf6 51. f4 Kf7 52. Ke1 Kf6 53. Kd1
Rc4 54. Kd2 Kf7 55. Kd3 Rc1 56. Kd4 Kf6 57. Kd5 Rd1+ 58. Kc6 1-0